Guess the Autobots, Maximals and Dinobot. - Statistics

General Stats
  • This quiz has been taken 2 times
  • The average score is 43 of 140
Answer Stats
Hint Answer % Correct
Autobot Arcee
100%
Hound in Prime and animated Bulkhead
100%
Scout Bumblebee
100%
Died too much Cliffjumper
100%
Samurai Drift
100%
Autobot Elita-1
100%
Dinobot | Maximal Grimlock
100%
Autobot Hot Rod
100%
Autobot Hound
100%
Autobot Ironhide
100%
2nd In Command Jazz
100%
Sacrificed for Optimus in bayverse Jetfire
100%
Leader Optimus Prime
100%
Medic Ratchet
100%
Autobot Red Alert
100%
Hot Rod became Rodimus Prime
100%
Dinobot Scorn/Snarl
100%
Fake Prime and is a traitor of autobots | Was a Sentinel Prime
100%
Dinobot Sludge
100%
Dinobot Slug/Slag
100%
Maximal Snarl
100%
Dinobot Swoop/Strafe
100%
Wrecker Ultra Magnus
100%
Engineer Wheeljack
100%
Maximal Airazor
50%
Aerial Bot Air Raid
50%
Wise Mentor Alpha Trion
50%
A Laptop google said Brains
50%
Maximal Cheetor
50%
Autobot Chromia
50%
New in AOE Crosshairs
50%
Junkyard picker Day Trader
50%
Aerial Bot Fireflight
50%
Autobot Fortress Maximus
50%
Less Known Gears
50%
Less Known Huffer
50%
Wrecker Impactor
50%
Appears the least in bayverse Jolt
50%
NASCAR wrecker Leadfoot
50%
Ferrari saved him Mirage/Dino
50%
Hated Mudflap
50%
Maximal Leader Optimus Primal
50%
Maximal | Shadowstriker killed him in Cyberverse Prowl
50%
NASCAR wrecker Roadbuster
50%
Autobot Seaspray
50%
Made a Death in 2009 | Made a decepticons death Sideswipe
50%
Aerial Bot | Maximal Silverbolt
50%
Hated Skids
50%
Autobot Sunstreaker
50%
NASCAR wrecker Topspin
50%
Autobot Tracks
50%
Silly google says Wheelie
50%
Autobot Windcharger
50%
Maximal Air Hammer
0%
Maximal Armordillo
0%
Maximal Bantor
0%
Maximal BBoom
0%
Autobot Beachcomber
0%
Autobot Blaster
0%
Maximal Bonecrusher
0%
Maximal Botanica
0%
Autobot Brawn
0%
Wrecker Broadside
0%
Makes a Sacrifice Canopy
0%
Autobot Cerebros
0%
Maximal Claw Jaw
0%
C-3P0 rip-off Cogman
0%
Autobot Cosmos
0%
Autobot Counterpunch
0%
Maximal Cybershark
0%
Combiner Defensor
0%
Autobot Deluge/Aquaspeeder
0%
Maximal Depth Charge
0%
Maximal Dinobot 2/II
0%
Autobot Dogfight
0%
Three-Headed Dragon Dragonstorm
0%
Autobot Flintlock
0%
Less Known Grapple
0%
Autobot Greaser
0%
Maximal Grizzly1
0%
Maximal Icebird
0%
Less Known Inferno
0%
Maximal Jawbreaker
0%
Jetfire's Brother in Animated Jetstorm
0%
Maximal K9
0%
Autobot Kup
0%
Autobot Landfill
0%
Elderly Lieutenant
0%
Autobot Lifeline
0%
Shockwave's disguise Longarm
0%
Maximal Magnaboss
0%
Titan Metroplex
0%
Mini warriors Mini Dinobots
0%
Autobot Nautica
0%
Maximal Nightglider
0%
Maximal Nightscream
0%
Maximal Noctorro
0%
Combiner Omega Supreme
0%
Maximal Onyx Prime
0%
Maximal Optimus Minor
0%
Maximal Panther
0%
Autobot Perceptor
0%
Maximal Poison Bite
0%
Maximal Polar Claw
0%
Wrecker Rack'n'Ruin
0%
Maximal Ramulus
0%
Intelligent Guy Rattrap
0%
Maximal Razorbeast
0%
Maximal Razorclaw
0%
Maximal Rhino
0%
Maximal Rhinox
0%
Autobot Ricochet
0%
Maximal Savage Noble
0%
Autobot Scoop
0%
Autobot Silencer
0%
Autobot Siren
0%
Aerial Bot Skydive
0%
Aerial Bot Slingshot
0%
Autobot Smokescreen
0%
Maximal Soundwave
0%
Wrecker Springer
0%
Aerial Bot Storm Jet
0%
Combiner of Aerial bots Superion
0%
Maximal Tigatron
0%
Maximal Tigerhawk
0%
Maximal Torca
0%
Wrecker Twin'n'Twist
0%
Combiner of Dinobots Volcanicus
0%
Leadfoot and Topspin Combined Volleybot
0%
Autobot Vroom
0%
Autobot Warpath
0%
Autobot Windblade
0%
Maximal Wolfang
0%
No matching quizzes found
Score Distribution
Percent of People with Each Score
Percentile by Number Answered
Your Score History
You have not taken this quiz